[Event "45. Open de Mislata 2011 - Grupo A"]
[Site "Mislata ESP"]
[Date "2011.08.15"]
[Round "1.1"]
[White "Garcia Martinez, Silvino"]
[Black "Fernandez, Alonso Miquel A"]
[Result "1-0"]
[WhiteElo "2316"]
[BlackElo "2137"]
[PlyCount "99"]
[EventDate "2011.08.15"]
[EventType "swiss"]
[EventRounds "9"]
[EventCountry "ESP"]
[Source "lmi"]
[SourceDate "2011.08.15"]

1. e4 c5 2. Nf3 Nc6 3. d4 cxd4 4. Nxd4 e5 5. Nb5 d6 6. c4 Be7 7. N1c3 a6 8. Na3
f5 9. exf5 Bxf5 10. Bd3 Bxd3 11. Qxd3 Nf6 12. Nc2 O-O 13. O-O Qe8 14. Bg5 Qh5
15. Bxf6 Rxf6 16. Ne4 Rh6 17. h3 Rf8 18. Rae1 Rg6 19. Re3 Nd8 20. c5 dxc5 21.
Qd5+ Ne6 22. Ng3 Qh6 23. Rxe5 Kh8 24. Nf5 Qg5 25. Rxe6 Rxe6 26. Qxe6 Rxf5 27.
Qc8+ Rf8 28. Qxb7 Qf6 29. Ne3 Bd6 30. Nc4 Bb8 31. Qe4 Qd8 32. Qe2 Qc7 33. g3
Qd7 34. Kh2 Qf7 35. b3 h5 36. h4 g6 37. f4 Re8 38. Qf3 Qe6 39. Kg2 Kg8 40. Rd1
Kg7 41. Rd3 Rf8 42. Rd2 Qf6 43. Rd7+ Kh6 44. Qb7 Qh8 45. Qd5 Rf5 46. Qd2 Qe8
47. Ne3 Qe4+ 48. Kh2 Rxf4 49. Ng2 g5 50. hxg5+ 1-0

[Event "45. Open de Mislata 2011 - Grupo A"]
[Site "Mislata ESP"]
[Date "2011.08.15"]
[Round "1.2"]
[White "Llerins Bonet, Ricardo"]
[Black "Buenafe Moya, Javier"]
[Result "0-1"]
[WhiteElo "2130"]
[BlackElo "2312"]
[PlyCount "118"]
[EventDate "2011.08.15"]
[EventType "swiss"]
[EventRounds "9"]
[EventCountry "ESP"]
[Source "lmi"]
[SourceDate "2011.08.15"]

1. e4 c5 2. Nf3 e6 3. c4 Nc6 4. d4 cxd4 5. Nxd4 Nf6 6. Nc3 Bb4 7. Nxc6 dxc6 8.
Qxd8+ Kxd8 9. Bg5 h6 10. O-O-O+ Ke7 11. Bxf6+ gxf6 12. f4 Bxc3 13. bxc3 c5 14.
Be2 Bd7 15. Bf3 Ba4 16. Rd2 Rad8 17. Bd1 Bc6 18. Bf3 f5 19. exf5 Bxf3 20. gxf3
Rxd2 21. Kxd2 Rg8 22. Re1 Kf6 23. fxe6 fxe6 24. Re2 b6 25. Ke3 Rg1 26. Rd2 Rc1
27. Kd3 h5 28. Rg2 Rh1 29. Ke4 h4 30. Rd2 Re1+ 31. Kd3 h3 32. Re2 Rf1 33. Ke4
Rh1 34. Rd2 Re1+ 35. Kd3 Kf5 36. Re2 Rd1+ 37. Ke3 Rf1 38. Rc2 Rg1 39. Re2 Rc1
40. Kd2 Rb1 41. Ke3 a5 42. Kf2 a4 43. Kg3 a3 44. Kxh3 Rb2 45. Re1 Kxf4 46. Rxe6
Kxf3 47. Rd6 Rxa2 48. Rxb6 Rb2 49. Ra6 a2 50. Ra4 Rb8 51. Kh4 Rh8+ 52. Kg5 Rxh2
53. Kf5 Rd2 54. Ke5 Ke2 55. Ra8 Kd1 56. Rxa2 Rxa2 57. Kd5 Ra5 58. Kc6 Kc2 59.
Kb6 Kxc3 0-1

[Event "45. Open de Mislata 2011 - Grupo A"]
[Site "Mislata ESP"]
[Date "2011.08.15"]
[Round "1.3"]
[White "Martinez Lopez, Jaime"]
[Black "Cruz Lledo, Pablo"]
[Result "0-1"]
[WhiteElo "2116"]
[BlackElo "2269"]
[PlyCount "72"]
[EventDate "2011.08.15"]
[EventType "swiss"]
[EventRounds "9"]
[EventCountry "ESP"]
[Source "lmi"]
[SourceDate "2011.08.15"]

1. d4 d5 2. Bg5 c6 3. Nf3 Qb6 4. Qc1 Bf5 5. e3 h6 6. Bh4 e6 7. c4 Bxb1 8. Rxb1
dxc4 9. Bxc4 Nd7 10. O-O Ngf6 11. b4 Be7 12. Qc2 O-O 13. Qb3 Qd8 14. Rbd1 Re8
15. Rfe1 Nb6 16. Bd3 a5 17. b5 a4 18. Qb2 a3 19. Qb3 Qd5 20. Qb1 Na4 21. e4 Qd8
22. Rc1 c5 23. dxc5 Nxc5 24. Rxc5 Bxc5 25. e5 g5 26. Nxg5 hxg5 27. Bxg5 Bxf2+
28. Kf1 Bxe1 29. Bxf6 Qd4 30. Bh7+ Kf8 31. Qxe1 Red8 32. Bxd8 Rxd8 33. Qg3 Qd1+
34. Kf2 Rd2+ 35. Ke3 Qe2+ 36. Kf4 Qf2+ 0-1

[Event "45. Open de Mislata 2011 - Grupo A"]
[Site "Mislata ESP"]
[Date "2011.08.15"]
[Round "1.4"]
[White "Cabero Feliciano, Guillermo"]
[Black "Bosque Ortega, Xavier"]
[Result "1-0"]
[WhiteElo "2101"]
[BlackElo "2245"]
[PlyCount "149"]
[EventDate "2011.08.15"]
[EventType "swiss"]
[EventRounds "9"]
[EventCountry "ESP"]
[Source "lmi"]
[SourceDate "2011.08.15"]

1. d4 d5 2. Nf3 Bf5 3. c4 c6 4. cxd5 Bxb1 5. Rxb1 Qxd5 6. a3 Nd7 7. e3 Rd8 8.
Qc2 Ngf6 9. Bd3 e5 10. Bc4 Qe4 11. Bxf7+ Ke7 12. Qxe4 Nxe4 13. Bb3 exd4 14.
exd4 Re8 15. O-O Kd8 16. Be3 Bd6 17. Bc2 Rhf8 18. Rfe1 Bf4 19. Bxf4 Rxf4 20.
Re3 h6 21. Rbe1 Nd6 22. Rxe8+ Nxe8 23. Re3 Nd6 24. g3 Rf8 25. Bb3 Nf5 26. Rd3
Re8 27. Ne5 Kc7 28. f4 Re7 29. Kf2 a6 30. Bd1 c5 31. Bg4 Nxe5 32. dxe5 Nd4 33.
b4 b6 34. Bh3 Kc6 35. bxc5 bxc5 36. Rd2 Kd5 37. Bf1 a5 38. Ke3 Re8 39. Rb2 Re7
40. Rb6 Nf5+ 41. Kd3 c4+ 42. Kc3 Kc5 43. Rb8 Ne3 44. Rc8+ Kd5 45. Bxc4+ Ke4 46.
Be2 Rb7 47. Rc5 a4 48. Bb5 Nd5+ 49. Kc4 Nb6+ 50. Kb4 Kd4 51. Bc6 Nd5+ 52. Ka5
Ra7+ 53. Kb5 Nc7+ 54. Kb6 Ra6+ 55. Kxc7 Kxc5 56. Bd7 Kd5 57. e6 Rxe6 58. Bxe6+
Kxe6 59. Kc6 Kf5 60. Kb5 Kg4 61. Kxa4 Kh3 62. Kb4 Kxh2 63. a4 Kxg3 64. a5 Kxf4
65. a6 g5 66. a7 h5 67. a8=Q h4 68. Qh1 Kg3 69. Qg1+ Kf4 70. Kc4 g4 71. Kd4 g3
72. Qg2 Kg4 73. Ke4 h3 74. Qf3+ Kh4 75. Kf5 1-0

[Event "45. Open de Mislata 2011 - Grupo A"]
[Site "Mislata ESP"]
[Date "2011.08.15"]
[Round "1.5"]
[White "Sanchez Saez, Francisco"]
[Black "Rubio Tent, Francisco"]
[Result "1-0"]
[WhiteElo "2227"]
[BlackElo "2063"]
[PlyCount "125"]
[EventDate "2011.08.15"]
[EventType "swiss"]
[EventRounds "9"]
[EventCountry "ESP"]
[Source "lmi"]
[SourceDate "2011.08.15"]

1. e4 c6 2. d4 d5 3. Nc3 dxe4 4. Nxe4 Bf5 5. Ng3 Bg6 6. N1e2 e6 7. Nf4 Bd6 8.
c3 Nf6 9. h4 Bxf4 10. Bxf4 h6 11. h5 Bh7 12. Bd3 Bxd3 13. Qxd3 Nbd7 14. O-O-O
Nd5 15. Bd2 O-O 16. Ne4 N7f6 17. f3 Qc7 18. g4 e5 19. g5 hxg5 20. Bxg5 Nh7 21.
Bd2 exd4 22. Qxd4 Qb6 23. Qe5 Qc7 24. Nd6 Rfe8 25. Qg3 Re6 26. Rdg1 f5 27. Nxf5
Qxg3 28. Rxg3 Rf6 29. Nxg7 Kh8 30. c4 Nf4 31. Rg4 Nd3+ 32. Kc2 Nf2 33. Rhg1
Nxg4 34. fxg4 Kxg7 35. Bc3 Kf7 36. g5 Rf2+ 37. Kb3 Kg8 38. h6 Nf8 39. g6 b6 40.
a4 c5 41. a5 bxa5 42. Ka4 Rf4 43. Kxa5 Rxc4 44. h7+ Nxh7 45. Rh1 Rxc3 46. gxh7+
Kh8 47. bxc3 Rb8 48. Ka6 Rb3 49. Rh3 Ra3+ 50. Kb5 Rb3+ 51. Kc4 Rb8 52. Kxc5 a5
53. c4 a4 54. Ra3 Ra8 55. Kb6 Kxh7 56. c5 Rb8+ 57. Kc7 Rb4 58. c6 Kg7 59. Kd8
Kf7 60. Rf3+ Ke6 61. Re3+ Kd5 62. c7 Rc4 63. Ra3 1-0

[Event "45. Open de Mislata 2011 - Grupo A"]
[Site "Mislata ESP"]
[Date "2011.08.15"]
[Round "1.6"]
[White "Plaza Agudo, Juan Francisco"]
[Black "Gonzalez Aguirre, Luis"]
[Result "0-1"]
[WhiteElo "2035"]
[BlackElo "2207"]
[PlyCount "146"]
[EventDate "2011.08.15"]
[EventType "swiss"]
[EventRounds "9"]
[EventCountry "ESP"]
[Source "lmi"]
[SourceDate "2011.08.15"]

1. c4 e5 2. Nc3 Nc6 3. g3 f5 4. Bg2 Nf6 5. d3 Bb4 6. Bd2 O-O 7. Nd5 Bxd2+ 8.
Qxd2 d6 9. e3 Ne7 10. Nxe7+ Qxe7 11. Ne2 c6 12. O-O Be6 13. b3 d5 14. Qb2 Bf7
15. Rac1 Rad8 16. cxd5 Bxd5 17. f3 Bf7 18. Rfd1 Rfe8 19. e4 Bg6 20. b4 a6 21.
Rd2 fxe4 22. dxe4 Rxd2 23. Qxd2 Rd8 24. Qc3 Qd6 25. a3 Qd2 26. Qxd2 Rxd2 27.
Kf2 Kf8 28. Bh3 Ne8 29. Be6 Bf7 30. Bxf7 Kxf7 31. Ra1 Nc7 32. Ke3 Rb2 33. Rd1
Ke7 34. f4 exf4+ 35. gxf4 Ra2 36. Rg1 Kf7 37. f5 Rxa3+ 38. Kd4 Ra2 39. Re1 g6
40. fxg6+ hxg6 41. h4 a5 42. bxa5 Rxa5 43. Rf1+ Kg7 44. Nf4 Kh6 45. Rg1 g5 46.
hxg5+ Rxg5 47. Rh1+ Kg7 48. Rb1 Nb5+ 49. Ke3 Rg3+ 50. Kf2 Rc3 51. e5 b6 52.
Rg1+ Kf8 53. e6 Nd4 54. Ng6+ Ke8 55. Re1 Rf3+ 56. Kg2 Rf6 57. Nh4 Rxe6 58. Rc1
Kd7 59. Kf2 c5 60. Ng2 Re2+ 61. Kg3 Kd6 62. Nf4 Re3+ 63. Kg4 b5 64. Ra1 c4 65.
Ra8 Nc6 66. Ng2 Re7 67. Kf4 Kc5 68. Ne3 c3 69. Rc8 b4 70. Nc2 b3 71. Rxc6+ Kxc6
72. Nd4+ Kd5 73. Nxb3 Kc4 0-1

[Event "45. Open de Mislata 2011 - Grupo A"]
[Site "Mislata ESP"]
[Date "2011.08.15"]
[Round "1.7"]
[White "Laliena, Solanes Luis"]
[Black "Gonzalvez Perales, Jose Luis"]
[Result "1-0"]
[WhiteElo "2197"]
[BlackElo "2019"]
[PlyCount "84"]
[EventDate "2011.08.15"]
[EventType "swiss"]
[EventRounds "9"]
[EventCountry "ESP"]
[Source "lmi"]
[SourceDate "2011.08.15"]

1. d4 Nf6 2. Bf4 d6 3. Nf3 g6 4. Nc3 Bg7 5. Qd2 O-O 6. Bh6 c5 7. Bxg7 Kxg7 8.
e4 cxd4 9. Nxd4 Nc6 10. Be2 Qb6 11. O-O-O Nxd4 12. Qxd4 Qxd4 13. Rxd4 Bd7 14.
Nd5 Nxd5 15. exd5 Rac8 16. Bd3 Rc5 17. Re1 Re8 18. Kd2 a5 19. c3 Kf8 20. h4 h5
21. f3 e5 22. dxe6 Rxe6 23. Rxe6 Bxe6 24. b4 axb4 25. cxb4 Rc7 26. a4 Ke7 27.
a5 Bd7 28. Rc4 Kd8 29. Ke3 Rxc4 30. Bxc4 Be6 31. Kd4 Kd7 32. Bd5 Kc7 33. g4 Kb8
34. gxh5 gxh5 35. f4 Ka7 36. Bf3 Bg4 37. Be4 b6 38. Kd5 bxa5 39. bxa5 Ka6 40.
Kxd6 Kxa5 41. f5 Kb6 42. Ke7 f6 1-0

[Event "45. Open de Mislata 2011 - Grupo A"]
[Site "Mislata ESP"]
[Date "2011.08.15"]
[Round "1.8"]
[White "Diaz Benitez, Ricardo"]
[Black "Pena, Riasco Alexander"]
[Result "0-1"]
[WhiteElo "2011"]
[BlackElo "2193"]
[PlyCount "78"]
[EventDate "2011.08.15"]
[EventType "swiss"]
[EventRounds "9"]
[EventCountry "ESP"]
[Source "lmi"]
[SourceDate "2011.08.15"]

1. d4 d5 2. Nf3 Nf6 3. Bf4 c6 4. e3 Bf5 5. Be2 e6 6. O-O Be7 7. Nh4 Bg6 8. Nd2
Nbd7 9. Nxg6 hxg6 10. h3 Nb6 11. a4 Bd6 12. a5 Nc8 13. Bg5 Ne7 14. c4 a6 15.
Bd3 Bc7 16. Qf3 Nf5 17. cxd5 cxd5 18. Nb3 Nh4 19. Qe2 Rh5 20. f4 Nf5 21. Rfc1
Rb8 22. Bxf5 exf5 23. Qc2 Bd6 24. Nc5 Qe7 25. Qa4+ Kf8 26. Qb3 Re8 27. Nxb7 Bb4
28. Nc5 Bd2 29. Bxf6 gxf6 30. Re1 Bxe1 31. Rxe1 g5 32. fxg5 fxg5 33. Qxd5 f4
34. e4 Rd8 35. Qc4 f3 36. Rf1 fxg2 37. Kxg2 Kg8 38. e5 Rh6 39. Ne4 Qb7 0-1

[Event "45. Open de Mislata 2011 - Grupo A"]
[Site "Mislata ESP"]
[Date "2011.08.15"]
[Round "1.9"]
[White "Mingo Fernandez, Matias"]
[Black "Ventura Monfort, Santiago"]
[Result "1/2-1/2"]
[WhiteElo "2189"]
[BlackElo "2003"]
[PlyCount "116"]
[EventDate "2011.08.15"]
[EventType "swiss"]
[EventRounds "9"]
[EventCountry "ESP"]
[Source "lmi"]
[SourceDate "2011.08.15"]

1. d4 Nf6 2. Nf3 e6 3. Bf4 c5 4. e3 Nc6 5. c3 d5 6. Nbd2 Bd6 7. Ne5 O-O 8. Bd3
Qe7 9. Bg3 Nd7 10. f4 g6 11. Ndf3 c4 12. Bc2 f6 13. Ng4 b5 14. O-O Bb7 15. Bh4
Qg7 16. Qd2 Ne7 17. Rae1 Nf5 18. Nf2 Nxh4 19. Nxh4 f5 20. Nf3 h6 21. Kh1 Nf6
22. Rg1 h5 23. h3 Qh6 24. g3 Kf7 25. Rg2 Rh8 26. Reg1 Ke7 27. Rh2 Rag8 28. Rgg2
Qf8 29. Qc1 Qd8 30. Qg1 Qe8 31. Ng5 Nh7 32. Nxh7 Rxh7 33. g4 hxg4 34. hxg4 Rgh8
35. gxf5 Rxh2+ 36. Rxh2 Rxh2+ 37. Qxh2 gxf5 38. Bd1 Qg8 39. Nh3 Kd7 40. Ng5 Be7
41. Qh6 Bc8 42. Kh2 Kd6 43. Bh5 Bd7 44. Bg6 Qf8 45. Qh5 Bf6 46. Bf7 Ke7 47. Bg6
Qh8 48. Nh7 Kd6 49. Kg3 Qg7 50. Kf3 Qh8 51. Qh6 Qg7 52. Qh5 Qh8 53. Bf7 Qg7 54.
Ng5 Qh8 55. Nh7 Qg7 56. Kf2 Ke7 57. Bg6 Kd6 58. Ng5 Ke7 1/2-1/2

[Event "45. Open de Mislata 2011 - Grupo A"]
[Site "Mislata ESP"]
[Date "2011.08.16"]
[Round "2.1"]
[White "Luna Cortes, Luis"]
[Black "Garcia Martinez, Silvino"]
[Result "1/2-1/2"]
[WhiteElo "2143"]
[BlackElo "2316"]
[PlyCount "32"]
[EventDate "2011.08.15"]
[EventType "swiss"]
[EventRounds "9"]
[EventCountry "ESP"]
[Source "lmi"]
[SourceDate "2011.08.15"]

1. d4 Nf6 2. Nf3 g6 3. g3 Bg7 4. Bg2 O-O 5. O-O d6 6. Nbd2 Nbd7 7. e4 c5 8. c3
Qc7 9. b3 Rb8 10. Bb2 b5 11. Re1 e5 12. dxe5 dxe5 13. c4 a6 14. Qc2 Re8 15.
Rac1 Bb7 16. Nf1 Rbc8 1/2-1/2

[Event "45. Open de Mislata 2011 - Grupo A"]
[Site "Mislata ESP"]
[Date "2011.08.16"]
[Round "2.2"]
[White "Cruz Lledo, Pablo"]
[Black "Cabero Feliciano, Guillermo"]
[Result "1-0"]
[WhiteElo "2269"]
[BlackElo "2101"]
[PlyCount "79"]
[EventDate "2011.08.15"]
[EventType "swiss"]
[EventRounds "9"]
[EventCountry "ESP"]
[Source "lmi"]
[SourceDate "2011.08.15"]

1. d4 d5 2. c4 e6 3. Nc3 Be7 4. Bf4 Nf6 5. e3 O-O 6. Nf3 Nbd7 7. c5 Nh5 8. Bd3
Nxf4 9. exf4 f5 10. O-O Bf6 11. Re1 Nb8 12. Bc2 g6 13. b4 Qd7 14. Qd3 Qg7 15.
Rad1 Nc6 16. a3 a6 17. Ba4 Nd8 18. h4 h6 19. g3 Nf7 20. Ne2 c6 21. Kg2 Bd7 22.
Qe3 Rfe8 23. Bc2 Ra7 24. Nc1 a5 25. Nd3 Rea8 26. Rb1 axb4 27. a4 g5 28. hxg5
hxg5 29. Rxb4 g4 30. Nfe5 Bxe5 31. Nxe5 Nxe5 32. fxe5 Kf8 33. Rh1 Ke7 34. Rbb1
Rh8 35. Rxh8 Qxh8 36. Qg5+ Kf7 37. Rh1 Qg7 38. Qd8 Kg6 39. Rh8 Kf7 40. Qh4 1-0

[Event "45. Open de Mislata 2011 - Grupo A"]
[Site "Mislata ESP"]
[Date "2011.08.16"]
[Round "2.3"]
[White "Martin Hernandez, Ruben"]
[Black "Sanchez Saez, Francisco"]
[Result "1/2-1/2"]
[WhiteElo "2128"]
[BlackElo "2227"]
[PlyCount "156"]
[EventDate "2011.08.15"]
[EventType "swiss"]
[EventRounds "9"]
[EventCountry "ESP"]
[Source "lmi"]
[SourceDate "2011.08.15"]

1. c4 Nf6 2. Nf3 g6 3. b4 Bg7 4. Bb2 O-O 5. d3 d6 6. e3 e5 7. Be2 Ne8 8. Qc2 f5
9. Nc3 a5 10. a3 axb4 11. axb4 Rxa1+ 12. Bxa1 g5 13. Nd2 g4 14. h3 Qh4 15. g3
Qh6 16. h4 f4 17. Nd5 Be6 18. exf4 Bxd5 19. cxd5 exf4 20. Bxg7 Qxg7 21. O-O
fxg3 22. fxg3 Qd4+ 23. Kg2 Qxd5+ 24. Kh2 Rxf1 25. Bxf1 Nc6 26. Bg2 Qb5 27. Qa2+
Kg7 28. Ne4 Qe5 29. Ng5 Nd8 30. d4 Qe7 31. Qc2 Nf6 32. Qf5 h6 33. Ne4 Qe6 34.
Qf4 Nd5 35. Qd2 Nc6 36. b5 Nce7 37. Nc3 Ne3 38. Qe2 N7f5 39. Nd5 c6 40. bxc6
bxc6 41. Nxe3 Nxe3 42. Bxc6 Kf6 43. Bd7 Qe4 44. d5 Ke5 45. Be6 Nxd5 46. Qxe4+
Kxe4 47. Bxg4 Ne3 48. Be2 Nf5 49. Kh3 Ke3 50. Bd1 d5 51. g4 Ng7 52. Kg3 d4 53.
g5 h5 54. Kg2 d3 55. Ba4 Nf5 56. Kh3 Kf2 57. g6 d2 58. Bd1 Ng7 59. Ba4 Kf3 60.
Bb3 Kf4 61. Kg2 Ke3 62. Kh3 Ne6 63. Kg3 Nd4 64. Bd1 Nf5+ 65. Kh3 Ng7 66. Kg3
Nf5+ 67. Kh3 Ng7 68. Kg3 Kd3 69. Kf4 Kd4 70. Be2 Ne6+ 71. Kf5 Ke3 72. Bd1 Ng7+
73. Kf6 Ne8+ 74. Ke7 Ng7 75. Kf7 Nf5 76. Bxh5 Nxh4 77. g7 Nf5 78. g8=Q Nh6+
1/2-1/2

[Event "45. Open de Mislata 2011 - Grupo A"]
[Site "Mislata ESP"]
[Date "2011.08.16"]
[Round "2.4"]
[White "Corona Gentil, Jose Luis"]
[Black "Laliena, Solanes Luis"]
[Result "0-1"]
[WhiteElo "2112"]
[BlackElo "2197"]
[PlyCount "78"]
[EventDate "2011.08.15"]
[EventType "swiss"]
[EventRounds "9"]
[EventCountry "ESP"]
[Source "lmi"]
[SourceDate "2011.08.15"]

1. Nf3 c5 2. b3 Nc6 3. Bb2 d6 4. d3 e5 5. e4 g6 6. Nc3 Bg7 7. Be2 Nge7 8. h4 h6
9. h5 g5 10. Qd2 Be6 11. O-O-O a6 12. Nh2 Nd4 13. Nf1 b5 14. Ne3 b4 15. Ncd5
Bxd5 16. exd5 a5 17. Bg4 Nb5 18. Nf5 Nxf5 19. Bxf5 a4 20. d4 axb3 21. cxb3 Rxa2
22. Bb1 Rxb2 23. Qxb2 exd4 24. Qe2+ Kf8 25. Qxb5 Qa8 26. Rd3 Be5 27. Qc4 Kg7
28. g3 Re8 29. Rf1 Bf6 30. Rf3 g4 31. Rxf6 Kxf6 32. f3 Re3 33. fxg4+ Kg7 34.
Bd3 Rxg3 35. Kb1 Rxg4 36. Qc2 Rg5 37. Bc4 Qe8 38. Qe2 Qe5 39. Qf3 f6 0-1

[Event "45. Open de Mislata 2011 - Grupo A"]
[Site "Mislata ESP"]
[Date "2011.08.16"]
[Round "2.5"]
[White "Jordan Arenas, Manuel"]
[Black "Diaz Benitez, Ricardo"]
[Result "1-0"]
[WhiteElo "2153"]
[BlackElo "2011"]
[PlyCount "77"]
[EventDate "2011.08.15"]
[EventType "swiss"]
[EventRounds "9"]
[EventCountry "ESP"]
[Source "lmi"]
[SourceDate "2011.08.15"]

1. d4 d6 2. Nf3 Nf6 3. c4 c6 4. Nc3 Bf5 5. g3 e6 6. Nh4 Bg4 7. Qb3 Qb6 8. Be3
d5 9. Bg2 Qxb3 10. axb3 Bb4 11. Bd2 Nbd7 12. h3 Bh5 13. g4 Bg6 14. g5 Bxc3 15.
bxc3 Ne4 16. Nxg6 hxg6 17. Bxe4 dxe4 18. Bf4 a6 19. Kd2 O-O-O 20. Ke3 Rh5 21.
h4 Rdh8 22. Bg3 f6 23. Rhg1 fxg5 24. hxg5 Rxg5 25. Kxe4 Rh3 26. Rh1 Nf6+ 27.
Kd3 Rhh5 28. Rag1 Kd7 29. Bf4 Rg4 30. Be5 Rxh1 31. Rxh1 Nh5 32. f3 Rg2 33. Rh4
Ke7 34. Rg4 Rxg4 35. fxg4 Nf6 36. g5 Nh5 37. c5 Kd7 38. Kc4 Kc8 39. Kb4 1-0

[Event "45. Open de Mislata 2011 - Grupo A"]
[Site "Mislata ESP"]
[Date "2011.08.16"]
[Round "2.6"]
[White "Llorens Hofman, Ivan"]
[Black "Mingo Fernandez, Matias"]
[Result "1/2-1/2"]
[WhiteElo "2042"]
[BlackElo "2189"]
[PlyCount "60"]
[EventDate "2011.08.15"]
[EventType "swiss"]
[EventRounds "9"]
[EventCountry "ESP"]
[Source "lmi"]
[SourceDate "2011.08.15"]

1. d4 d5 2. c4 e6 3. Nc3 Nf6 4. cxd5 exd5 5. Bg5 c6 6. e3 Be7 7. Qc2 O-O 8. Bd3
Nbd7 9. Nf3 Re8 10. O-O Nf8 11. Ne5 N6d7 12. Bxe7 Rxe7 13. f4 f6 14. Nxd7 Qxd7
15. Rae1 Qd6 16. f5 Bd7 17. Qf2 Rae8 18. e4 dxe4 19. Nxe4 Qd5 20. Nc3 Qd6 21.
Re4 Rxe4 22. Nxe4 Qd5 23. Nd2 Kh8 24. Bc4 Qd6 25. a3 b6 26. b4 Bc8 27. Qf4 Qe7
28. g4 Bb7 29. Rf2 Qe1+ 30. Rf1 Qe7 1/2-1/2

[Event "45. Open de Mislata 2011 - Grupo A"]
[Site "Mislata ESP"]
[Date "2011.08.16"]
[Round "2.7"]
[White "Ventura Monfort, Santiago"]
[Black "Carrasco Sagredo, Manuel"]
[Result "0-1"]
[WhiteElo "2003"]
[BlackElo "2170"]
[PlyCount "90"]
[EventDate "2011.08.15"]
[EventType "swiss"]
[EventRounds "9"]
[EventCountry "ESP"]
[Source "lmi"]
[SourceDate "2011.08.15"]

1. e4 c6 2. d4 g6 3. Nc3 Bg7 4. f4 Qb6 5. Nf3 Nh6 6. Be2 O-O 7. O-O d6 8. Kh1
Bg4 9. Na4 Qc7 10. c4 d5 11. Ne5 Bxe2 12. Qxe2 dxe4 13. Qxe4 Nf5 14. g4 Nd6 15.
Qe2 Nd7 16. Be3 b5 17. Nxd7 Qxd7 18. Nc5 Qd8 19. b3 Rb8 20. Rab1 Qa5 21. Nd7
bxc4 22. Nxb8 Rxb8 23. bxc4 Re8 24. Qc2 Qa6 25. Rb4 Qc8 26. f5 c5 27. dxc5 Nb7
28. Qf2 Na5 29. Rfb1 Nc6 30. Rb7 Ne5 31. fxg6 hxg6 32. h3 Nc6 33. Qg2 Be5 34.
Qe4 Rd8 35. R7b3 Qa6 36. a3 Qa4 37. h4 Kh7 38. h5 Rh8 39. Kg2 Kg7 40. h6+ Kh7
41. g5 Rd8 42. Bf4 Rd4 43. Qxe5 Nxe5 44. Bxe5 Rd2+ 45. Kg3 Qxc4 0-1

[Event "45. Open de Mislata 2011 - Grupo A"]
[Site "Mislata ESP"]
[Date "2011.08.16"]
[Round "2.8"]
[White "Martinez Tormo, Jorge"]
[Black "Sanchiz Marti, Josep Miquel"]
[Result "0-1"]
[WhiteElo "2164"]
[BlackElo "1964"]
[PlyCount "200"]
[EventDate "2011.08.15"]
[EventType "swiss"]
[EventRounds "9"]
[EventCountry "ESP"]
[Source "lmi"]
[SourceDate "2011.08.15"]

1. e4 c5 2. Nf3 Nc6 3. d4 cxd4 4. Nxd4 Nf6 5. Nc3 e5 6. Ndb5 d6 7. Nd5 Nxd5 8.
exd5 Nb8 9. c4 f5 10. Be2 Be7 11. O-O O-O 12. f4 a6 13. Nc3 e4 14. Be3 Nd7 15.
b4 b6 16. Rc1 Nf6 17. Qb3 Rb8 18. a4 Kh8 19. Nb1 Bd7 20. Na3 Qe8 21. b5 a5 22.
Nc2 Ng8 23. Nd4 h6 24. Nc6 Rb7 25. Qd1 Bf6 26. Rc2 Ne7 27. Qe1 Qf7 28. Qf2 Nc8
29. Qg3 Rg8 30. Qh3 Kh7 31. Kh1 g6 32. g4 fxg4 33. Bxg4 Bxg4 34. Qxg4 Ne7 35.
Qg1 Nc8 36. Rg2 Rg7 37. Rg3 Qd7 38. Qg2 Qf5 39. Bd4 Ne7 40. Re3 Rf7 41. Rxe4
Ng8 42. Re6 Bxd4 43. Nxd4 Qd3 44. Nc6 Rf6 45. f5 g5 46. Qe2 Qxe2 47. Rxe2 Rbf7
48. Re6 h5 49. Kg2 Nh6 50. Nd4 Ng4 51. Rfe1 Ne5 52. Rc1 Nd3 53. Rxf6 Rxf6 54.
Rc3 Nb2 55. Rc2 Nxa4 56. Re2 Nc5 57. Re7+ Kh6 58. Kf3 Nd3 59. Ke4 Ne5 60. Rc7
Ng4 61. Nf3 Nf2+ 62. Ke3 Ng4+ 63. Ke2 a4 64. Ra7 Rxf5 65. Rxa4 Rf4 66. h3 Nf6
67. Ra6 g4 68. hxg4 hxg4 69. Nd2 g3 70. Ra3 g2 71. Rg3 Rg4 72. Rxg4 Nxg4 73.
Nf3 Ne5 74. Ng1 Nxc4 75. Kf2 Kg5 76. Ne2 Kf5 77. Kxg2 Ne3+ 78. Kf3 Nxd5 79.
Nd4+ Ke5 80. Nc6+ Kf6 81. Nd4 Ke5 82. Nc6+ Kf6 83. Nd4 Nc3 84. Ke3 Ke5 85. Kd3
Na4 86. Kc4 d5+ 87. Kd3 Nc5+ 88. Ke3 Ne6 89. Nb3 d4+ 90. Ke2 Kd5 91. Kd2 Kc4
92. Kc2 Nc5 93. Nd2+ Kxb5 94. Nf3 Kc4 95. Ne5+ Kd5 96. Nf3 b5 97. Nd2 b4 98.
Kb2 d3 99. Kc1 Kd4 100. Kd1 Ne4 0-1

[Event "45. Open de Mislata 2011 - Grupo A"]
[Site "Mislata ESP"]
[Date "2011.08.16"]
[Round "2.9"]
[White "Martinez Piqueras, Carlos"]
[Black "Sanchez Dengra, Jose Maria"]
[Result "1-0"]
[WhiteElo "2158"]
[BlackElo "1986"]
[PlyCount "125"]
[EventDate "2011.08.15"]
[EventType "swiss"]
[EventRounds "9"]
[EventCountry "ESP"]
[Source "lmi"]
[SourceDate "2011.08.15"]

1. e4 c5 2. c3 d5 3. exd5 Qxd5 4. d4 Nf6 5. Nf3 e6 6. Na3 Nc6 7. Be2 cxd4 8.
Nb5 Qd8 9. Nbxd4 Nxd4 10. Qxd4 Qxd4 11. Nxd4 a6 12. O-O Be7 13. c4 e5 14. Nf3
e4 15. Nd4 O-O 16. h3 Nd7 17. Nf5 Bc5 18. Bf4 Re8 19. Nd6 Re6 20. Nxc8 Nf6 21.
Rab1 Rxc8 22. b4 Be7 23. g4 Rd8 24. g5 Ne8 25. c5 b6 26. cxb6 Rxb6 27. a3 f6
28. Be3 Rc6 29. Rbc1 Rxc1 30. Rxc1 Ra8 31. Bc4+ Kf8 32. Bd5 Rd8 33. Bxe4 fxg5
34. Bxh7 Nf6 35. Bf5 Nd5 36. Bc5 Nf4 37. Bxe7+ Kxe7 38. Bg4 Rd3 39. Re1+ Kf6
40. Re3 Rd2 41. Rc3 Rd6 42. Kh2 Ke5 43. Kg3 Nd5 44. Rc5 Kd4 45. Bf3 Nc3 46.
Rxg5 g6 47. Ra5 Rb6 48. Kg4 Kc4 49. Bg2 Nd1 50. Kg3 Nc3 51. Bf1+ Kb3 52. Bxa6
Nb1 53. Bd3 Nxa3 54. Ra6 Rxa6 55. Bxa6 Kxb4 56. Bd3 Kc3 57. Bxg6 Nc4 58. Kf4
Kd4 59. h4 Ne5 60. h5 Kd5 61. Kf5 Nd7 62. h6 Nf8 63. h7 1-0

[Event "45. Open de Mislata 2011 - Grupo A"]
[Site "Mislata ESP"]
[Date "2011.08.16"]
[Round "2.10"]
[White "Bosque Ortega, Xavier"]
[Black "Davidovas Chananovas, Norman"]
[Result "1-0"]
[WhiteElo "2245"]
[BlackElo "1763"]
[PlyCount "81"]
[EventDate "2011.08.15"]
[EventType "swiss"]
[EventRounds "9"]
[EventCountry "ESP"]
[Source "lmi"]
[SourceDate "2011.08.15"]

1. d4 Nf6 2. Nf3 g6 3. Bf4 d6 4. h3 Bg7 5. e3 O-O 6. Be2 c5 7. c3 Qb6 8. Qb3
Be6 9. Qxb6 axb6 10. a3 Nc6 11. Nbd2 Na5 12. O-O Rfc8 13. Rfe1 Bb3 14. Bh2 c4
15. e4 d5 16. e5 Ne8 17. Nf1 e6 18. N3d2 Bh6 19. f4 Rc7 20. Ne3 Rd8 21. g4 Rcd7
22. Bf3 Nc7 23. Bg3 Rf8 24. Rac1 Rc8 25. Ng2 Re8 26. Bf2 Rc8 27. Be3 Bg7 28.
Re2 Rf8 29. f5 Rc8 30. f6 Bf8 31. h4 Re8 32. h5 Rc8 33. Nh4 Re8 34. Rh2 Red8
35. Kf2 Na6 36. Nxb3 Nxb3 37. Rch1 Rb8 38. Bd1 Na5 39. Bc2 Nc7 40. hxg6 fxg6
41. Nxg6 1-0

[Event "45. Open de Mislata 2011 - Grupo A"]
[Site "Mislata ESP"]
[Date "2011.08.16"]
[Round "3.1"]
[White "Pena, Riasco Alexander"]
[Black "Cruz Lledo, Pablo"]
[Result "0-1"]
[WhiteElo "2193"]
[BlackElo "2269"]
[PlyCount "100"]
[EventDate "2011.08.15"]
[EventType "swiss"]
[EventRounds "9"]
[EventCountry "ESP"]
[Source "lmi"]
[SourceDate "2011.08.15"]

1. e4 c6 2. d4 d5 3. Nc3 dxe4 4. Nxe4 Bf5 5. Ng3 Bg6 6. h4 h6 7. h5 Bh7 8. Nf3
Nd7 9. Bd3 Bxd3 10. Qxd3 e6 11. Bd2 Ngf6 12. O-O-O Qc7 13. c4 O-O-O 14. Ne4 c5
15. Bc3 cxd4 16. Qxd4 Bc5 17. Nxc5 Nxc5 18. Qe3 Ng4 19. Qe2 f6 20. Kb1 Qf4 21.
Bd4 Qe4+ 22. Qxe4 Nxe4 23. Bxa7 Ngxf2 24. Rxd8+ Rxd8 25. Bxf2 Nxf2 26. Re1 e5
27. Kc2 Nd3 28. Re3 Nf4 29. g4 Kc7 30. b4 Ne6 31. Re4 Ng5 32. Nxg5 hxg5 33. a4
b6 34. Kc3 Rd1 35. Kc2 Rf1 36. c5 bxc5 37. Rc4 Rf4 38. Rxc5+ Kd6 39. Kc3 Rxg4
40. a5 Rg3+ 41. Kc4 Ra3 42. Kb5 e4 43. Rc1 f5 44. Kb6 f4 45. a6 e3 46. a7 e2
47. Kb7 f3 48. Rc6+ Ke5 49. Ra6 Rxa6 50. Kxa6 e1=Q 0-1